书目信息 |
| 题名: |
现代社会中的人性及教育
|
|
| 作者: | 渠敬东 著 | |
| 分册: | ||
| 出版信息: | 上海 上海三联书店 2006 |
|
| 页数: | 230页 | |
| 开本: | 23cm | |
| 丛书名: | ||
| 单 册: | ||
| 中图分类: | G40-052 , B82-061 | |
| 科图分类: | ||
| 主题词: | 人性论--研究 , 教育社会学--研究 , 教育社会学 , 人性论 , 伦理学 | |
| 电子资源: | ||
| ISBN: | 7-5426-2248-X | |
| 000 | 00930nam0 2200289 450 | |
| 001 | 0957092332 | |
| 005 | 20090929155404.39 | |
| 010 | @a7-5426-2248-X@dCNY25.00 | |
| 100 | @a20060426d2006 em y0chiy50 ea | |
| 101 | 0 | @achi |
| 102 | @aCN@b310000 | |
| 105 | @ay z 000yy | |
| 106 | @ar | |
| 200 | 1 | @a现代社会中的人性及教育@e以涂尔干社会理论为视角@f渠敬东著@Axian dai she hui zhong de ren xing ji jiao yu |
| 210 | @a上海@c上海三联书店@d2006 | |
| 215 | @a230页@d23cm | |
| 330 | @a本书分为上中下三篇,分别为“现代教育的人性基础”、“现代性及其社会基础”和“现代教育中的自然与社会”。 | |
| 606 | 0 | @a人性论@x研究 |
| 606 | 0 | @a教育社会学@x研究 |
| 606 | 0 | @a教育社会学 |
| 606 | 0 | @a人性论 |
| 606 | 0 | @a伦理学 |
| 690 | @aG40-052@v4 | |
| 690 | @aB82-061@v4 | |
| 701 | 0 | @a渠敬东@f(1970~)@4著@Aqu jing dong |
| 801 | 0 | @aCN@b大连网信软件有限公司图书馆·11@c20090929 |
| 905 | @a10447@dB82-061@eJY130 | |
| 现代社会中的人性及教育:以涂尔干社会理论为视角/渠敬东著.-上海:上海三联书店,2006 |
| 230页;23cm |
| ISBN 7-5426-2248-X:CNY25.00 |
| 本书分为上中下三篇,分别为“现代教育的人性基础”、“现代性及其社会基础”和“现代教育中的自然与社会”。 |
| ● |
| 相关链接 |
|
|
|
|
正题名:现代社会中的人性及教育
索取号:B82-061/JY130
 
预约/预借
| 序号 | 登录号 | 条形码 | 馆藏地/架位号 | 状态 | 备注 |
| 1 | 7820004 | 278200046 | 学院路分馆/ [索取号:B82-061/JY130] | 在馆 | |
| 2 | 7820005 | 278200055 | 学院路分馆/ [索取号:B82-061/JY130] | 在馆 |